| 000 | 01521nam a22001577a 4500 | ||
|---|---|---|---|
| 041 | _aukr | ||
| 080 | _a09 | ||
| 090 | _bЧЕР | ||
| 100 | _aЧернявка А.В. | ||
| 245 | _aАрхетипний аналіз романів Джоан Кетлін Роулінг "Гаррі Поттер" | ||
| 260 |
_aОстрог _bКАФ _c2012 |
||
| 300 | _a91 | ||
| 520 |
_aРозділ 1. "Дитяча" і "Доросла" літератури: проблеми трансформації.
1.1 Феномен універсальної дитячої літератури.
1.2 Жанрові відмінності: казка і фентезі.
1.3 Понятійний апарат дослідження: психологічний і літературиний архетип
1.4 Творчий задум "Гаррі Поттера", текстова і візуальна реалізації.
Рзділ 2. Система образів і архетипів в романах про Гаррі Поттера.
2.1 Композиція та сюжет циклу романів про Гаррі Поттера.
2.2 Принцип створення системи персонажів.
2.3 Архетип Дому.
2.4 Архетип Дитини: інваріант міфу сходження бога-немовляти.
2.5 Архетипи Тіні і Самотності: ініціація Гаррі Поттера. _0феномен, казка,фнтезі |
||
| 650 | _aResearch Papers | ||
| 999 |
_c284943 _d284943 |
||
| 942 | _cBK | ||